00225nam a2200085 a 450000500170000000800410001705000170005824500540007526000100012920141022141959.0120306s19uu xx 00 eng d aCDbAb8 1997 aMichael Abrash's graphics programming black book. c1997.